Statistiken für 1.FC Köln - Bundesliga-Rekordtorschützen (Top 50)

Klicken Sie hier um das Quiz zu spielen!

Allgemein

  • Dieses Quiz wurde 46 mal gespielt
  • Das Durchschnittsergebnis liegt bei 18 aus 50

Antwortstatistiken

PlatzNameNationGeburtstagSpieleTore% Korrekt
8Anthony ModesteFrankreich / Martinique14.04.198813564
95%
10Lukas PodolskiDeutschland / Polen04.06.198513955
88%
11Christian MüllerDeutschland29.08.19386946
75%
2Dieter MüllerDeutschland01.04.1954248159
75%
6Toni PolsterÖsterreich10.03.196415079
75%
5Wolfgang OverathDeutschland29.09.194340984
73%
13Milivoje NovakovicSlowenien18.05.197910844
70%
3Pierre LittbarskiDeutschland16.04.1960406116
68%
40Ellyes SkhiriTunesien / Frankreich10.05.199511817
58%
4Klaus AllofsDeutschland05.12.195617788
58%
21Thomas AllofsDeutschland17.11.19597030
58%
1Hannes LöhrDeutschland05.07.1942381166
55%
47Yuya OsakoJapan18.05.199010815
55%
32Hans SchäferDeutschland19.10.19273920
53%
7Heinz FloheDeutschland28.01.194832977
50%
43Florian KainzÖsterreich24.10.199210016
48%
14Tony WoodcockEngland06.12.195513139
48%
24Bernd CullmannDeutschland01.11.194934129
45%
41Thomas HäßlerDeutschland30.05.196614917
45%
9Karl-Heinz ThielenDeutschland02.04.194022156
40%
31Wolfgang WeberDeutschland26.06.194435621
38%
37Matthias ScherzDeutschland14.12.197112218
30%
27Dirk LottnerDeutschland04.03.19728324
28%
22Frank OrdenewitzDeutschland25.03.196512630
28%
17Herbert NeumannDeutschland14.11.195319336
28%
15Stephan EngelsDeutschland06.09.196023639
28%
45Bruno LabbadiaDeutschland08.02.19664115
25%
33Falko GötzDeutschland26.03.196212720
25%
23Gerd StrackDeutschland01.09.195526129
25%
30Harald KonopkaDeutschland18.11.195233521
25%
16Heinz SimmetDeutschland22.11.194435738
25%
39Hans SturmDeutschland03.09.193511317
23%
35Paul SteinerDeutschland23.01.195729120
23%
26Ralf SturmDeutschland18.10.196812128
23%
29Herbert ZimmermannDeutschland01.07.195420222
20%
28Maurice BanachDeutschland09.10.19674923
20%
25Roger Van GoolBelgien01.06.19509628
20%
46Yasuhiko OkuderaJapan12.03.19527515
20%
49Andrzej RudyPolen15.10.196513414
18%
19Heinz HornigDeutschland28.09.193717633
18%
20Klaus FischerDeutschland27.12.19499631
18%
12Bernd RuppDeutschland24.02.19429746
15%
36Flemming PovlsenDänemark03.12.19667119
15%
50Holger WillmerDeutschland25.09.195816514
13%
34Jürgen GlowaczDeutschland30.09.195218320
13%
42Henri FuchsDeutschland23.06.19706216
10%
44Olaf JanßenDeutschland08.10.196620916
10%
18Carl-Heinz RühlDeutschland14.11.19398535
8%
38Uwe BeinDeutschland26.09.19606417
8%
48Rainer BonhofDeutschland29.03.19527414
5%

Verteilung der Resultate

Perzentil nach korrekt beantworteten Fragen

Anzahl Personen mit jedem Resultat

Ihre Resultats-Entwicklung

Sie haben dieses Quiz noch nicht gespielt